000 01252nam2a2200265 4500
001 RU\NLR\bibl\1730000
005 20250616075311.0
010 _a978-5-85859-459-8
_bт. 1
_9500
021 _aRU
_b2010-103786
_97010
035 _a(NLR Aleph) 001720957
090 _a1339444
_c1339444
100 _a20110201d2010 |||y0rusy50 ca
101 0 _arus
102 _aRU
105 _ay |||||||||
200 0 _aТ. 1
210 _d2010
_aБ. м.
215 _a239, [1] с.
320 _aБиблиогр. в конце ст.
461 0 _1001RU\NLR\bibl\1738536
_12001#$aОбразование и учитель XXI века: проблемы, перспективы развития$vТ. 1
_91390254
_cОренбург
_d2010
_f[науч. ред.: д.пед.н., проф. В.Г. Рындак]
_nИзд-во ОГПУ
_oВсероссийская научно-практическая конференция, Оренбург, 6-7 октября 2010 года : сборник статей в 2 т.
_tОбразование и учитель XXI века: проблемы, перспективы развития
_y978-5-85859-458-1
_vТ. 1
801 0 _aRU
_bNLR
_c20110201
_gRCR
801 1 _aRU
_bNLR
_c20110201
942 _cBOOK
980 _aNB